00445nam a2200169Ia 4500999001700000003000400017005001700021008004100038040001800079082001800097100001500115245004200130260004200172300000900214650001000223942004200233 c16031d16031OSt20200606115845.0190216s9999||||xx |||||||||||||| ||und|| cMESKC library a891.43bGOP/A aGopal9180 0aAnubav Ke Sfulling /cEdited by Gopal bAnuradha Prakashan,aBikaner :c1998. a143p aHindi cBK2ddch891.43iGOP/Ak891.43mGOP/A